Mots de la langue française terminés par "osse" - Statistiques

Statistiques générales
  • Ce quiz a été pris 285 fois
  • Le résultat moyen est 11 sur 15
Statistiques - réponses
Indice Mot % Correct
gamin gosse
98%
ustensile de nettoyage brosse
94%
gros chien molosse
94%
pays du Royaume Uni Ecosse
93%
épaisse grosse
88%
celui de Rhodes était célèbre colosse
87%
enflure bosse
85%
véhicule hippomobile carrosse
79%
long bâton crosse
71%
ville d'Espagne Saragosse
70%
enveloppe cosse
62%
cavité fosse
58%
mauvais cheval rosse
58%
commune des Landes Biscarrosse
52%
cable marin drosse
18%
Aucun quiz correspondant
Distribution des résultats
% des personnes avec chaque résultat
Percentile par nombre de réponses
Votre historique - résultats
Vous n’avez pas pris ce quiz